01462nam a2200373 a 450000100060000000300080000600500170001400600190003100700150005000800410006502000180010603500230012403500240014703500250017103500210019604000260021705000230024308000100026624501510027626000860042730000110051349000550052453301640057965000430074365000330078665000300081965100380084965500270088770000420091470000340095671000190099085600620100999900170107197770FlNmELB20241217172711.0m o d | cr cn|||||||||130621s2007 sp s 000 0 spa d z9788481387414 a(MiAaPQ)EBC3176578 a(Au-PeEL)EBL3176578 a(CaPaEBR)ebr10268801 a(OCoLC)928812820 aFlNmELBbspacFlNmELB 4aHC125bE244 2007eb a339.900aEducación y sociedad globalh[recurso electronico]bdemandas y aportaciones /cEladio Sebastián Heredero, Mario Martín Bris ; coordinadores. aAlcalá de Henares :bServicio de Publicaciones. Universidad de Alcalá,c2007. a323 p.0 aObras colectivas. Ciencias de la educación ;v02 aRecurso electrónico. Santa Fe, Arg.: e-libro, 2015. Disponible vía World Wide Web. El acceso puede estar limitado para las bibliotecas afiliadas a e-libro. 4aSistemas económicos internacionales. 4aEconomía de mercado libre. 0aEducationzLatin America. 0aLatin AmericaxSocial conditions. 4aLibros electrónicos.1 aHeredero, Eladio Sebastián,ecoord.1 aBris, Mario Martín,ecoord.2 ae-libro, Corp.40uhttps://elibro.net/ereader/politecnicointernacional/53459 c97770d97770